Random typing #2 - fast - Statistics

General Stats
  • This quiz has been taken 143 times
  • The average score is 9 of 10
Answer Stats
Word Answer % Correct
Men Men
100%
Dies Dies
99%
Star Star
99%
Kingdom Kingdom
97%
Ultimate Ultimate
91%
Snake Snake
85%
Discovery Discovery
83%
House House
83%
Good Good
78%
Awesome Awesome
70%
No matching quizzes found
Score Distribution
Percent of People with Each Score
Percentile by Number Answered
Your Score History
You have not taken this quiz